Geometrie : Matýskova matematika : pro 3. ročník základní školy /

Hlavní autor: Novotný, Miloš
Další autoři: Novák, František, Schindlerová, Andrea, Hrdinová, Jarmila
Jazyk: Čeština
Vydáno: Brno : Nová škola, 2014-2015
Vydání: 1. vyd.
Edice: Duhová řada
Témata:
Fyzický popis: 4 sv. : il. (převážně barev.) ; 21-30 cm
Odebírané svazky: učebnice, doplňovací sešit k učebnici, pracovní sešit, metodický průvodce
Knihy
Uloženo v:
LEADER 03824nam a2200733 aa4500
001 nkc20142649582
003 CZ PrNK
005 20150507135947.0
007 ta
008 141209m20142015xr a b p 000 0 cze
015 |a cnb002649582 
020 |a 978-80-7289-665-3  |q (učebnice :  |q brož.) 
020 |a 978-80-7289-666-0  |q (doplňovací sešit k učebnici :  |q brož.) 
020 |a 978-80-7289-662-2  |q (pracovní sešit :  |q brož.) 
020 |a 978-80-7289-678-3  |q (metodický průvodce :  |q brož.) 
035 |a (OCoLC)904579559 
040 |a ABA001  |b cze 
072 7 |a 514  |x Geometrie  |2 Konspekt  |9 13 
072 7 |a 37.016  |x Učební osnovy. Vyučovací předměty. Učebnice  |2 Konspekt  |9 22 
080 |a 514  |2 MRF 
080 |a 37.016.026  |2 MRF 
080 |a (075.2)  |2 MRF 
080 |a (076.1)  |2 MRF 
080 |a (072)  |2 MRF 
100 1 |a Novotný, Miloš  |7 mzk2013757672  |4 aut 
245 1 0 |a Geometrie :  |b Matýskova matematika : pro 3. ročník základní školy /  |c [Miloš Novotný, František Novák ; ilustrovala Andrea Schindlerová] 
246 3 |a Geometrie - Matýskova matematika 
246 3 |a Matýskova matematika 
246 3 |a Procvičujeme s Matýskem 
246 3 |a Metodický průvodce k učebnici Geometrie - Matýskova matematika 
250 |a 1. vyd. 
260 |a Brno :  |b Nová škola,  |c 2014-2015 
300 |a 4 sv. :  |b il. (převážně barev.) ;  |c 21-30 cm 
490 1 |a Duhová řada 
500 |a Autoři metodického průvodce: Jarmila Hrdinová, Miloš Novotný, František Novák 
500 |a Název z obálky 
500 |a Podnázev pracovního sešitu: procvičujeme s Matýskem 
500 |a Edice v pub. vyjádřena barevným logem 
505 0 |a učebnice. 2014. 64 s. -- doplňovací sešit k učebnici. 2014. 16 s. -- pracovní sešit. 2014. 48 s. -- metodický průvodce. 2015. 71 s. 
521 8 |a Učebnice pro 3. ročník základní školy vytvořená v souladu s RVP ZV 
650 0 7 |a geometrie  |7 ph114624  |2 czenas 
650 0 7 |a předmětová didaktika  |7 ph162893  |2 czenas 
650 0 9 |a geometry  |2 eczenas 
655 7 |a učebnice základních škol  |7 fd133773  |2 czenas 
655 7 |a pracovní sešity  |7 fd133116  |2 czenas 
655 7 |a metodické příručky  |7 fd132826  |2 czenas 
655 9 |a textbooks (elementary)  |2 eczenas 
655 9 |a activity books  |2 eczenas 
700 1 |a Novák, František  |7 mzk2013757675  |4 aut 
700 1 |a Schindlerová, Andrea  |7 ola2011623975  |4 ill 
700 1 |a Hrdinová, Jarmila  |7 jo2015866429  |4 aut 
830 0 |a Duhová řada  |0 s 
910 2 |a BOA001  |b 4-1338.451  |s učebnice, doplňovací sešit k učebnici, pracovní sešit, metodický průvodce 
990 |a BK 
995 |a 01 
991 |b 201504  |c NOV  |e n 
996 6 |b 2610618157  |c 4-1338.451  |d 1, učebnice  |v 1  |l MZK  |r Sklad / do 1 hodiny  |n 1  |p p.v.  |w 001482355  |u 000010  |a 1  |e BOA001  |j MZK50  |s P 
996 7 |b 2610618158  |c 4-1338.451  |d 1, učebnice  |v 1  |l MZK  |r Sklad / do 1 hodiny  |n 8  |p p.v.  |w 001482355  |u 000020  |a 1  |e BOA001  |j MZK50  |s A 
996 6 |b 2610618159  |c 4-1338.451  |d 2, doplňovací sešit k učebnici  |v 2  |l MZK  |r Sklad / do 1 hodiny  |n 0  |p p.v.  |w 001482355  |u 000030  |a 1  |e BOA001  |j MZK50  |s P 
996 7 |b 2610618160  |c 4-1338.451  |d 2, doplňovací sešit k učebnici  |v 2  |l MZK  |r Sklad / do 1 hodiny  |n 4  |p p.v.  |w 001482355  |u 000040  |a 1  |e BOA001  |j MZK50  |s A 
996 6 |b 2610618161  |c 4-1338.451  |d 3, pracovní sešit  |v 3  |l MZK  |r Sklad / do 1 hodiny  |n 1  |p p.v.  |w 001482355  |u 000050  |a 1  |e BOA001  |j MZK50  |s P 
996 7 |b 2610618162  |c 4-1338.451  |d 3, pracovní sešit  |v 3  |l MZK  |r Sklad / do 1 hodiny  |n 10  |p p.v.  |w 001482355  |u 000060  |a 1  |e BOA001  |j MZK50  |s A 
996 6 |b 2610628847  |c 4-1338.451  |d 4, metodický průvodce  |v 4  |l MZK  |r Sklad / do 1 hodiny  |n 1  |p p.v.  |w 001482355  |u 000070  |a 1  |e BOA001  |j MZK50  |s P 
996 7 |b 2610628848  |c 4-1338.451  |d 4, metodický průvodce  |v 4  |l MZK  |r Sklad / do 1 hodiny  |n 5  |p p.v.  |w 001482355  |u 000080  |a 1  |e BOA001  |j MZK50  |s A